• 首页
  • 本馆介绍
  • 公告通知
  • 最新文献
  • 馆藏检索
  • 电子资源
  • 读者导购
  • 参考咨询
  • 我的图书馆
  • 登录
  • 详细信息显示
  • 放入我的书架
  • 预约/预借图书
  • 作者相关作品
  • 分类相关作品
  • 丛书相关作品
  • 出版社相关作品

书目信息

  • 表格格式
  • 工作单格式
  • 卡片格式
题名:
艺文类聚
    
 
作者: 欧阳询 撰
分册: 下  
出版信息: 上海   上海古籍出版社  1979
页数: 1111-1733页
开本: 19cm
丛书名:
单 册:
中图分类: Z221
科图分类:
主题词: 百科全书--中国--唐代
电子资源:
ISBN:
000 00499nam0 2200181 45
001 0181014609
005 20060629162217.48
010    @b精装
100    @a20810111d1979 km y0chiy0120 ea
101 0  @achi
200 1  @a艺文类聚@AYi Wen Lei Ju@h下@f[唐]欧阳询撰@F[tang]ou yang xun zhuan
210    @a上海@c上海古籍出版社@d1979
215    @a1111-1733页@d19cm
606 0  @a百科全书@y中国@z唐代
690    @aZ221@v3
701  0 @a欧阳询@Aou yang xun@4撰
801    @aCN@bTSTC@c20060629
905    @dZ221@e117:2=2
    
    艺文类聚.下/[唐]欧阳询撰.-上海:上海古籍出版社,1979
    1111-1733页;19cm
    
    
    ISBN (精装):
    
●
相关链接 在E读中查询图书 在五车中查询图书 在当当中查询图书 在豆瓣中查询图书


正题名:艺文类聚     索取号:Z221/117:2=2         预约/预借

序号 登录号 条形码 馆藏地/架位号 状态 备注
1 0421229   204212299   密集书库/ [索取号:Z221/117:2=2] 在馆    
唐山师范学院图书馆 欢迎您!
大连网信软件有限公司© 版权所有